Państwa które zaczynają się od tych samych 3 liter - Statystyki

Ogólne statystyki
  • Ten quiz został rozwiązany 16 446 razy
    15 797 od ostatniego zresetowania
  • Średni wynik to 29 z 66
Statystyki odpowiedzi
Odpowiedź % Poprawnych
Austria
87%
Australia
86%
Indie
61%
Indonezja
61%
Korea Północna
60%
Korea Południowa
60%
Chiny
59%
Irak
55%
Iran
55%
Republika Południowej Afryki
54%
Turcja
54%
Malezja
53%
Niger
53%
Nigeria
53%
Szwajcaria
53%
Szwecja
53%
Belgia
52%
Turkmenistan
52%
Chile
51%
Słowacja
51%
Słowenia
51%
Mali
48%
Gwinea
47%
Republika Środkowoafrykańska
47%
Libia
46%
Republika Zielonego Przylądka
46%
Sudan
46%
Dominika
45%
Dominikana
45%
Gwinea Równikowa
45%
Liban
45%
Sudan Południowy
45%
Gwinea Bissau
44%
Malediwy
43%
Liberia
42%
Malta
42%
Belize
41%
Wielka Brytania
41%
Wietnam
41%
Mongolia
39%
Malawi
38%
Monako
38%
Tajlandia
37%
Wyspy Marshalla
37%
Wyspy Świętego Tomasza i Książęca
37%
Wyspy Salomona
36%
Grecja
35%
Tajwan
35%
Czad
34%
Saint Lucia
34%
Czarnogóra
33%
Saint Vincent i Grenadyny
33%
Saint Kitts i Nevis
33%
Kosowo
31%
Kostaryka
31%
Kambodża
30%
Kamerun
30%
Mauretania
30%
Grenada
28%
Mauritius
27%
Kirgistan
25%
Bahamy
23%
Bahrajn
23%
Kiribati
23%
Burundi
21%
Burkina Faso
19%
Nie znaleziono quizów pasujących do podanych kryteriów
Rozkład punktacji
Procent ludzi z każdym wynikiem
Percentyl według liczby udzielonych odpowiedzi
Twoja historia wyników
Nie rozwiązałeś tego quizu od ostatniego zresetowania